000 00325nam a2200097Ia 4500
001 1110979
005 20250827003902.0
008 250824s9999 xx 000 0 und d
245 0 _aBÖYLE SESLENDİLER ALLAH RESÛLÜ VE HULEFÂ-İ RÂŞİDÎN'DEN HİTABELER
_cEBUBEKİR SİFİL
260 _bSEMERKAND BASIM YAYIN DAĞITIM A.Ş.
999 _c1110979
_d1110979